000 00524nam a2200181Ia 4500
001 15138
008 140403s9999 xx 000 0 und d
020 _a969-8464-01-8
040 _cPK-LaUMT
082 _a 158
_bSEY-R
100 _aFaiez H. Seyal
245 4 _aThe road to success:
_ba proven guide to create a life that inspires self and others.
_cFaiez H. Seyal
260 _aLahore,Pakistan:
_bAllied Book Company,
_c1999
300 _a263 p
546 _aEN
650 _aSuccess-psychological aspects
942 _cBK
999 _c15669
_d15669